• 首页
  • 本馆介绍
  • 公告通知
  • 最新文献
  • 馆藏检索
  • 电子资源
  • 读者导购
  • 参考咨询
  • 我的图书馆
  • 登录
  • 详细信息显示
  • 放入我的书架
  • 预约/预借图书
  • 作者相关作品
  • 分类相关作品
  • 丛书相关作品
  • 出版社相关作品

书目信息

  • 表格格式
  • 工作单格式
  • 卡片格式
题名:
银行保险
    
 
作者: 张洪涛 , 苗力 主编
分册:  
出版信息: 北京   中国人民大学出版社  2005
页数: 252页
开本: 23cm
丛书名:
单 册:
中图分类: F840.4 , F830.3
科图分类:
主题词: 银行业务--保险业务--教材 , 保险业务 , 银行业务 , 金融 , 银行
电子资源:
ISBN: 7-300-06409-4
000 01059nam0 2200337 450
000 01000nam0 2200301 450
000 00931nam0 2200277 450
000 00895nam0 2200265 45
005 20070725161919.25
010    @a7-300-06409-4@dCNY20.00
100    @a20070713d2005 em y0chiy0120 ea
101 0  @achi
102    @aCN@b110000
105    @ay z 000yy
200 1  @a银行保险@AYin Xing Bao Xian@f张洪涛,苗力主编@FZhang Hong Tao, Miao Li Zhu Bian
210    @a北京@c中国人民大学出版社@d2005
215    @a252页@d23cm
300    @a21世纪保险系列教材/张洪涛总主编
330    @a本书内容包括银行保险发展概述、银行保险的运营模式、银行保险产品、银行保险的人员管理、银保合作业务介绍等。
510 1  @aBank Insurance@zeng
606 0  @a银行业务@x保险业务@j教材
606 0  @a保险业务
606 0  @a银行业务
606 0  @a金融
606 0  @a银行
690    @aF840.4@v4
690    @aF830.3@v3
701  0 @a张洪涛@AZhang Hong Tao@c(保险)@4主编
701  0 @a苗力@AMiao Li@4主编
801  0 @aCN@bTAOJIN@c20070725
905    @a10447@dF830.3@e107
    
    银行保险/张洪涛,苗力主编.-北京:中国人民大学出版社,2005
    252页;23cm
    21世纪保险系列教材/张洪涛总主编
    
    ISBN 7-300-06409-4:CNY20.00
    本书内容包括银行保险发展概述、银行保险的运营模式、银行保险产品、银行保险的人员管理、银保合作业务介绍等。
●
相关链接 在E读中查询图书 在五车中查询图书 在当当中查询图书 在豆瓣中查询图书


正题名:银行保险     索取号:F830.3/107         预约/预借

序号 登录号 条形码 馆藏地/架位号 状态 备注
1 0826115   208261156   第一样本阅览室/ [索取号:F830.3/107] 在馆    
2 0826116   208261165   第一借阅区/ [索取号:F830.3/107] 在馆    
3 0826117   208261174   第一借阅区/ [索取号:F830.3/107] 在馆    
4 0826118   208261183   第一借阅区/ [索取号:F830.3/107] 在馆    
5 0826119   208261192   第一借阅区/ [索取号:F830.3/107] 在馆    
6 0826120   208261209   密集书库/ [索取号:F830.3/107] 在馆    
7 0826121   208261218   第一借阅区/ [索取号:F830.3/107] 在馆    
8 0826122   208261227   密集书库/ [索取号:F830.3/107] 在馆    
唐山师范学院图书馆 欢迎您!
大连网信软件有限公司© 版权所有